Biblioteca y Centro de Documentación

Reflexiones al hilo de la jurisprudencia sobre el hostigamiento psicológico en el trabajo (mobbing) (Registro nro. 33352)

Detalles MARC
000 -CABECERA
Longitud fija campo de control 01254naa a2200325 c 4500
001 - NÚMERO DE CONTROL
Número de control 33352
003 - IDENTIFICADOR DE NÚMERO DE CONTROL
Identificador del número de control ES-MaCES
005 - FECHA Y HORA DE LA ÚLTIMA TRANSACCIÓN
Fecha y hora de la última transacción 20030702100600.0
008 - CAMPO FIJO DE DESCRIPCIÓN FIJA--INFORMACIÓN GENERAL
Códigos de información de longitud fija   030702n2003 sp t 000 | spa d
035 ## - NÚMERO DE CONTROL DEL SISTEMA
Número de control del sistema CES20030002585v
040 ## - FUENTE DE CATALOGACIÓN
Centro catalogador de origen ES-MaCES
Lengua de catalogación spa
Centro transcriptor ES-MaCES
100 1# - ENCABEZAMIENTO PRINCIPAL--NOMBRE PERSONAL
Nombre de persona Agra Viforcos, Beatriz
9 (RLIN) 5642
245 10 - MENCIÓN DE TÍTULO
Título Reflexiones al hilo de la jurisprudencia sobre el hostigamiento psicológico en el trabajo (mobbing)
Mención de responsabilidad, etc. Beatriz Agra Viforcos, Roberto Fernández Fernández y Rodrigo Tascón López
504 ## - NOTA DE BIBLIOGRAFÍA, ETC.
Nota de bibliografía, etc. Bibliografía
650 #4 - ASIENTO SECUNDARIO DE MATERIA--TÉRMINO DE MATERIA
Término de materia o nombre geográfico como elemento inicial jurisprudencia
9 (RLIN) 28624
650 #4 - ASIENTO SECUNDARIO DE MATERIA--TÉRMINO DE MATERIA
Término de materia o nombre geográfico como elemento inicial España
9 (RLIN) 26964
650 #4 - ASIENTO SECUNDARIO DE MATERIA--TÉRMINO DE MATERIA
Término de materia o nombre geográfico como elemento inicial prevención
9 (RLIN) 29707
650 #4 - ASIENTO SECUNDARIO DE MATERIA--TÉRMINO DE MATERIA
Término de materia o nombre geográfico como elemento inicial riesgo
9 (RLIN) 29564
650 #4 - ASIENTO SECUNDARIO DE MATERIA--TÉRMINO DE MATERIA
Término de materia o nombre geográfico como elemento inicial prestaciones por accidentes de trabajo
9 (RLIN) 27037
650 #4 - ASIENTO SECUNDARIO DE MATERIA--TÉRMINO DE MATERIA
Término de materia o nombre geográfico como elemento inicial enfermedad profesional
9 (RLIN) 28346
650 #4 - ASIENTO SECUNDARIO DE MATERIA--TÉRMINO DE MATERIA
Término de materia o nombre geográfico como elemento inicial malos tratos
9 (RLIN) 30808
650 #4 - ASIENTO SECUNDARIO DE MATERIA--TÉRMINO DE MATERIA
Término de materia o nombre geográfico como elemento inicial acoso laboral
9 (RLIN) 30708
653 10 - TÉRMINO DE INDEXACIÓN--NO CONTROLADO
Término no controlado Derecho del trabajo y Seguridad Social
700 1# - ENCABEZAMIENTO SECUNDARIO--NOMBRE PERSONAL
Nombre de persona Tascón López, Rodrigo
9 (RLIN) 24708
700 1# - ENCABEZAMIENTO SECUNDARIO--NOMBRE PERSONAL
Nombre de persona Fernández Fernández, Roberto
9 (RLIN) 11854
773 0# - ENTRADA DE DOCUMENTO FUENTE
Título Revista española de Derecho del trabajo
Parte(s) relacionada(s) n. 115 (en.-feb. 2003){10040 R. 051014}; p. 111-141
Número de control del registro relacionado (ES-MaCES)25060
Itemnumber del ítem fuente 32358
902 ## - CES. TIPO DE DOCUMENTO
Tipodoc (006$c Sirtex) ART Artículo de revista
942 ## - ELEMENTOS KOHA
Fuente de clasificaión o esquema Clasificación propia del CES
Koha [por defecto] tipo de item Artículos (1982-2017)
Parte de clasificación 6.0.1.

No hay ítems disponibles.

© CES, Consejo Económico y Social de España 2021